00866nac a22002291u 4500010001700000020001500017082001500032090001500047100003400062245006500096260006600161300003000227500002400257504005100281511002600332650002000358700003000378856007800408942001700486999001500503952011800518 a 2005014958 a013034826000a338.5bHUB c8792d8792 aHubbard, R. Glenn. 10aMicroeconomics /cR. Glenn Hubbard, Anthony Patrick O'Brien. aUpper Saddle River, N.J. :bPearson Prentice Hall,2006c2006. a1v. :bcol. ill.;c28 cm. adistributer: Baccah aIncludes bibliographical references and index. acatalogued by: wessam 0aMicroeconomics.1 aO'Brien, Anthony Patrick.413Table of contentsuhttp://www.loc.gov/catdir/toc/ecip0513/2005014958.html cBBk338.5HUB c8792d8792 00104070aMAINbMAINc1STd2008-03-24ePurchasel3m1o338.5HUBp000010522r2025-07-15 00:00:00s2008-09-02yBB